000 00413nam a2200193Ia 4500
005 20240823034947.0
008 240823s9999||||xx |||||||||||||| ||und||
020 _a978-0-85738-921-3
041 _aENGLISH
082 _A823.92 Q3
100 _aDavid Mark
245 0 _aDark Winter
250 _a1st
260 _c2013
_bQu
500 _aYES
650 _aNovel
_bEnglish
942 _cBK
999 _c199538
_d199538